00776nam a2200217Ia 4500003000400000005001700004008004100021020001800062040000700080041000800087082002400095100004500119245006400164260005200228300001600280365001300296906006700309942001200376999001900388952015100407OSt20230515152927.0210423s2008 xx 000 0 und d a9788176710596 cAL aeng a574.1925 223bPALT aPALMER (Trevor);BONNER (Philip).9104388 aEnzymes: biochemistry biotechnology and clinical chemistry. aNew DelhibAffiliated East West Press Ltdc2008 axix,402bHB b495cINR abiochemistry ; biotechnology ; chemistry. ; clinical ; Enzymes 2ddccBK c164392d164392 001040708BIOCaSACPGbSACPGd2010-08-06eAthulya Booksg495.00l16m1o574.1925 PALTpPG010890r2025-04-09 11:35:14s2025-03-26w2021-04-26yBK